Southville International School and Colleges
Your cart is empty.
  • Cart
  • Lists
    Public lists Eva Luna New books Lux_list list_1
    Your lists Log in to create your own lists
  • Log in to your account
  • Your cookies
  • Search history
Southville International School and Colleges
  • Advanced search
  • Recent comments
  • Most popular
  • Libraries

Log in to your account

Log in with GOOGLE


If you do not have an external account, but do have a local account, you can still log in:

  1. Home
  2. MARC view: Cognitive profiles of individuals obsessive-compulsive tendencies
Normal view MARC view ISBD view

Cognitive profiles of individuals obsessive-compulsive tendencies (Record no. 361751)

[ view plain ]
MARC details
000 -LEADER
fixed length control field 00543nam a2200181Ia 4500
008 - FIXED-LENGTH DATA ELEMENTS--GENERAL INFORMATION
fixed length control field 190427s9999 xx 000 0 und d
100 ## - MAIN ENTRY--PERSONAL NAME
Personal name Ansari, Zohreh
245 ## - TITLE STATEMENT
Title Cognitive profiles of individuals obsessive-compulsive tendencies
245 ## - TITLE STATEMENT
Statement of responsibility, etc Zohreh Amsari, Rouhollah Shahabi.--
260 ## - PUBLICATION, DISTRIBUTION, ETC. (IMPRINT)
Name of publisher, distributor, etc University of Illinois Press
260 ## - PUBLICATION, DISTRIBUTION, ETC. (IMPRINT)
Date of publication, distribution, etc 2018
300 ## - PHYSICAL DESCRIPTION
Extent Pages 81-89, Spring 2018
440 ## - SERIES STATEMENT/ADDED ENTRY--TITLE
Title Journal of Psychology
Volume number/sequential designation 131(1)
650 ## - SUBJECT ADDED ENTRY--TOPICAL TERM
Topical term or geographic name as entry element Inhibition
650 ## - SUBJECT ADDED ENTRY--TOPICAL TERM
Topical term or geographic name as entry element OCT
650 ## - SUBJECT ADDED ENTRY--TOPICAL TERM
Topical term or geographic name as entry element Shifting
650 ## - SUBJECT ADDED ENTRY--TOPICAL TERM
Topical term or geographic name as entry element Working memory capacity
Holdings
Withdrawn status Lost status Damaged status Home library Current library Date acquired Total Checkouts Date last seen Price effective from Koha item type
      College Library College Library 04/27/2019   04/27/2019 04/27/2019 Periodicals

Cognitive profiles of individuals obsessive-compulsive tendencies

APA

Ansari Z., .Cognitive profiles of individuals obsessive-compulsive tendencies. : University of Illinois Press.

Chicago

Ansari Zohreh, .Cognitive profiles of individuals obsessive-compulsive tendencies. : University of Illinois Press.

Harvard

Ansari Z., .Cognitive profiles of individuals obsessive-compulsive tendencies. : University of Illinois Press.

MLA

Ansari Zohreh, .: University of Illinois Press. .

  • Place hold
  • Print
  • Cite
  • Add to your cart (remove)
  • Save record
    BIBTEX Dublin Core MARCXML MARC (non-Unicode/MARC-8) MARC (Unicode/UTF-8) MARC (Unicode/UTF-8, Standard) MODS (XML) RIS
  • More searches
    Search for this title in:
    Other Libraries (WorldCat) Other Databases (Google Scholar) Online Stores (Bookfinder.com) Open Library (openlibrary.org)

Exporting to Dublin Core...

SOUTHVILLE LIBRARY

Southville International School and Colleges Library

1281 Tropical Ave. Cor. Luxembourg St., BF Homes International, Las Pinas City

Tel. No. 8256374 / 252358 Loc. 117/146

Powered by Koha